[Event "Reykjavik Open 2015"]
[Site "Reykjavik, "]
[Date "2015.03.11"]
[Round "2.24"]
[White "Grover, Sahaj"]
[Black "Poley, Vladimir"]
[Result "1/2-1/2"]
[WhiteElo "2519"]
[BlackElo "2269"]
[PlyCount "80"]
[EventDate "2015.03.10"]

1. e4 c6 2. d4 Na6 3. Nc3 Nc7 4. d5 d6 5. Nf3 e6 6. dxe6 Nxe6 7. Be2 Be7 8. O-O
Nf6 9. Nd4 O-O 10. a4 Nc5 11. f3 a5 12. Be3 Re8 13. Qd2 Bf8 14. Bc4 Qb6 15.
Rfd1 Qb4 16. Bb3 Nxb3 17. cxb3 Nd7 18. Qe2 Nc5 19. Ndb5 cxb5 20. Nd5 Qxb3 21.
Bxc5 dxc5 22. Rd3 Qxa4 23. Rxa4 bxa4 24. Nc7 Be6 25. Ra3 c4 26. Rxa4 b5 27.
Nxe8 bxa4 28. Nc7 Rc8 29. Nxe6 fxe6 30. Qd1 a3 31. bxa3 c3 32. Qd7 Rc5 33.
Qxe6+ Kh8 34. Qe8 Kg8 35. Qe6+ Kh8 36. Qf7 Rc8 37. Qd7 Rc5 38. Qf7 Rc8 39. Qd7
Rc5 40. Qf7 Rc8 1/2-1/2

[Event "Reykjavik Open 2015"]
[Site "Reykjavik, "]
[Date "2015.03.11"]
[Round "2.30"]
[White "Kjartansson, Gudmundur"]
[Black "Johannesson, Oliver"]
[Result "1-0"]
[WhiteElo "2491"]
[BlackElo "2212"]
[PlyCount "67"]
[EventDate "2015.03.10"]

1. d4 d5 2. c4 c6 3. Nc3 Nf6 4. e3 a6 5. Nf3 Bf5 6. cxd5 cxd5 7. Ne5 Nc6 8. Qb3
Ra7 9. Bd2 e6 10. Qa4 Qd6 11. Rc1 Nd7 12. Nxc6 bxc6 13. a3 Qb8 14. Nd1 Bd6 15.
Rxc6 O-O 16. Rxa6 Nb6 17. Qc6 Rxa6 18. Bxa6 Bxh2 19. Bb4 Rd8 20. Rxh2 Qxh2 21.
Qxb6 Qb8 22. Qxb8 Rxb8 23. Bc5 g5 24. b4 h5 25. a4 h4 26. f3 Bc2 27. a5 f5 28.
Bd6 Rd8 29. Be7 Rb8 30. b5 Bd3 31. Bxg5 Bxb5 32. Bf4 Ra8 33. Bxb5 Rxa5 34. Be2
1-0

[Event "Reykjavik Open 2015"]
[Site "Reykjavik, "]
[Date "2015.03.11"]
[Round "2.32"]
[White "Colovic, Aleksandar"]
[Black "Quillien, Emmanuel"]
[Result "1-0"]
[WhiteElo "2482"]
[BlackElo "2202"]
[PlyCount "79"]
[EventDate "2015.03.10"]

1. d4 Nf6 2. c4 g6 3. Nc3 Bg7 4. e4 d6 5. h3 O-O 6. Bg5 c5 7. d5 e6 8. Bd3 exd5
9. cxd5 a6 10. a4 Re8 11. Nf3 Nbd7 12. O-O Qc7 13. Re1 Rb8 14. Bf1 h6 15. Bf4
g5 16. Bh2 Nh7 17. Rc1 Nhf8 18. b4 b6 19. a5 Ng6 20. axb6 Qxb6 21. bxc5 Nxc5
22. Na4 Nxa4 23. Qxa4 Qd8 24. Bxd6 Ra8 25. Bc7 Qd7 26. Qxd7 Bxd7 27. Ba5 g4 28.
hxg4 Bxg4 29. Nd2 Ne5 30. f4 Ng6 31. g3 h5 32. Kg2 h4 33. Be2 Bd7 34. Rc7 Bb5
35. Bh5 hxg3 36. Bxg6 fxg6 37. e5 g5 38. Kxg3 gxf4+ 39. Kxf4 Bd3 40. Rg1 1-0

[Event "Reykjavik Open 2015"]
[Site "Reykjavik, "]
[Date "2015.03.11"]
[Round "2.33"]
[White "Georgiadis, Nico"]
[Black "Zhou, Qiyu"]
[Result "1-0"]
[WhiteElo "2468"]
[BlackElo "2182"]
[PlyCount "123"]
[EventDate "2015.03.10"]

1. e4 e5 2. Nf3 Nc6 3. Bb5 a6 4. Ba4 Nf6 5. O-O Be7 6. Re1 b5 7. Bb3 d6 8. c3
O-O 9. h3 Nb8 10. d4 Nbd7 11. Nbd2 Bb7 12. Bc2 Re8 13. Nf1 Bf8 14. Ng3 g6 15.
b3 c5 16. d5 Qc7 17. a4 Rec8 18. Be3 c4 19. b4 Be7 20. a5 Bf8 21. Nh2 Re8 22.
Ng4 Nxg4 23. hxg4 Bg7 24. f3 Nf8 25. Kf2 f6 26. Rh1 Qf7 27. Qd2 Bc8 28. Rh2 Rb8
29. Rah1 Rb7 30. Ke2 Rc7 31. Kd1 Rb7 32. Kc1 Rc7 33. Kb2 Rb7 34. Qd1 Qd7 35. g5
Qf7 36. gxf6 Qxf6 37. Qd2 Qd8 38. Bd1 Rf7 39. Ne2 Bd7 40. Ng1 Qc7 41. Be2 Ree7
42. g3 Bh8 43. Bf1 Bc8 44. Bh3 Bxh3 45. Rxh3 Qb7 46. R3h2 Qc8 47. Qe2 Bf6 48.
Nh3 Rb7 49. Nf2 Bg7 50. Bg5 Rfd7 51. Ng4 Qe8 52. Qe3 Rf7 53. Bh6 Qe7 54. f4
exf4 55. gxf4 Nd7 56. Bxg7 Rxg7 57. Qd4 h5 58. e5 dxe5 59. fxe5 Qg5 60. e6 Nf8
61. Nf6+ Kh8 62. Nxh5 1-0

[Event "Reykjavik Open 2015"]
[Site "Reykjavik, "]
[Date "2015.03.11"]
[Round "2.36"]
[White "Preotu, Razvan"]
[Black "Thorgeirsson, Jon Kristinn"]
[Result "0-1"]
[WhiteElo "2447"]
[BlackElo "2177"]
[PlyCount "72"]
[EventDate "2015.03.10"]

1. e4 e5 2. Nf3 Nc6 3. Bb5 Nf6 4. d3 Bc5 5. c3 d6 6. d4 exd4 7. cxd4 Bb4+ 8.
Bd2 Bxd2+ 9. Nbxd2 O-O 10. O-O Bg4 11. Bxc6 bxc6 12. Qc2 Rb8 13. h3 Bxf3 14.
Nxf3 Rb6 15. Rfe1 d5 16. e5 Ne4 17. Nd2 Ng5 18. Nb3 Ne6 19. Qd2 Qh4 20. Kh2
Rfb8 21. g3 Qe7 22. Rac1 Ra6 23. Na5 Qb4 24. Qxb4 Rxb4 25. Nxc6 Rxb2 26. Rf1
Kf8 27. a3 Rxa3 28. Rb1 Rb6 29. Rxb6 axb6 30. Nb4 Ra5 31. Rc1 Ke8 32. Nc6 Ra4
33. f4 Rc4 34. Rxc4 dxc4 35. d5 c3 36. Nb4 Nd4 0-1

[Event "Reykjavik Open 2015"]
[Site "Reykjavik, "]
[Date "2015.03.11"]
[Round "2.39"]
[White "Hardarson, Jon Trausti"]
[Black "Pulvett Marin, Daniel"]
[Result "0-1"]
[WhiteElo "2170"]
[BlackElo "2434"]
[PlyCount "78"]
[EventDate "2015.03.10"]

1. d4 Nf6 2. c4 e6 3. Nc3 Bb4 4. Qc2 d6 5. Nf3 Nbd7 6. e3 Qe7 7. Be2 O-O 8. Bd2
c6 9. a3 Bxc3 10. Bxc3 e5 11. dxe5 dxe5 12. O-O Re8 13. Rfd1 b6 14. b4 c5 15.
b5 e4 16. Nd2 Bb7 17. a4 Ne5 18. a5 Rad8 19. axb6 axb6 20. Bxe5 Qxe5 21. Nf1
Kf8 22. Ng3 g6 23. Bf1 Rxd1 24. Rxd1 Bc8 25. h3 Be6 26. Ne2 g5 27. g3 Ra8 28.
Nc3 Ra3 29. Rc1 h5 30. Qb2 Ra8 31. Qd2 Kg7 32. Qc2 Re8 33. Rd1 h4 34. g4 Bxg4
35. hxg4 Nxg4 36. Bg2 h3 37. Bxe4 Qh2+ 38. Kf1 Rxe4 39. Nxe4 Nxe3+ 0-1

[Event "Reykjavik Open 2015"]
[Site "Reykjavik, "]
[Date "2015.03.11"]
[Round "2.42"]
[White "Thorhallsson, Throstur"]
[Black "Einarsson, Halldor Gretar"]
[Result "0-1"]
[WhiteElo "2428"]
[BlackElo "2166"]
[PlyCount "70"]
[EventDate "2015.03.10"]

1. e4 c5 2. Nf3 Nc6 3. Bb5 d6 4. O-O Bd7 5. c3 Nf6 6. Re1 a6 7. Ba4 c4 8. Bc2
Bg4 9. h3 Bxf3 10. Qxf3 Ne5 11. Qe2 g5 12. d4 cxd3 13. Bxd3 Rg8 14. Nd2 g4 15.
hxg4 Nfxg4 16. Nf3 e6 17. Bf4 Qf6 18. Bg3 h5 19. Nxe5 dxe5 20. Bb5+ Ke7 21. Qc4
Qg5 22. Qc7+ Kf6 23. Bf1 Be7 24. Rad1 Rac8 25. Qxb7 h4 26. Bh2 Bc5 27. Re2 Nxh2
28. Kxh2 Qf4+ 29. Kh1 Rcd8 30. Rd7 Rxd7 31. Qxd7 h3 32. Qd3 Qc1 33. Qxh3 Qxf1+
34. Kh2 Kg7 35. Rd2 Rh8 0-1

[Event "Reykjavik Open 2015"]
[Site "Reykjavik, "]
[Date "2015.03.11"]
[Round "2.44"]
[White "Norowitz, Yaacov"]
[Black "Rueger, Erhard"]
[Result "1/2-1/2"]
[WhiteElo "2422"]
[BlackElo "2133"]
[PlyCount "52"]
[EventDate "2015.03.10"]

1. d4 Nf6 2. Nf3 e6 3. c4 c5 4. g3 cxd4 5. Nxd4 Qb6 6. Bg2 Bc5 7. e3 Nc6 8. Nb3
Bb4+ 9. N3d2 d5 10. a3 Be7 11. Nc3 Ne5 12. cxd5 Nd3+ 13. Kf1 exd5 14. Nxd5 Nxd5
15. Bxd5 Bh3+ 16. Kg1 Rc8 17. Nc4 Rxc4 18. Qxd3 Rc8 19. e4 O-O 20. Rb1 Bc5 21.
Qf3 Bxf2+ 22. Qxf2 Rc2 23. Qxb6 Rg2+ 24. Kf1 Rxh2+ 25. Kg1 Rg2+ 26. Kf1 Rh2+
1/2-1/2

[Event "Reykjavik Open 2015"]
[Site "Reykjavik, "]
[Date "2015.03.11"]
[Round "2.48"]
[White "Tania, Sachdev"]
[Black "Tolhuizen, Ludo"]
[Result "1-0"]
[WhiteElo "2404"]
[BlackElo "2123"]
[PlyCount "65"]
[EventDate "2015.03.10"]

1. d4 Nf6 2. c4 e6 3. Nf3 d5 4. Nc3 c6 5. Qd3 Nbd7 6. e4 dxe4 7. Nxe4 Nxe4 8.
Qxe4 Bb4+ 9. Bd2 Bxd2+ 10. Nxd2 c5 11. dxc5 Nxc5 12. Qe5 Nd7 13. Qxg7 Qf6 14.
Qxf6 Nxf6 15. g3 Bd7 16. Bg2 O-O-O 17. Ke2 e5 18. Ne4 Nxe4 19. Bxe4 Be6 20. b3
Rd4 21. Bg2 h5 22. Rad1 Rxd1 23. Rxd1 h4 24. Bd5 Bxd5 25. Rxd5 hxg3 26. hxg3 f6
27. Rd6 Rh6 28. c5 Kc7 29. Kd3 b6 30. Kc4 Rh1 31. Rxf6 Rc1+ 32. Kd5 Rxc5+ 33.
Ke6 1-0

[Event "Reykjavik Open 2015"]
[Site "Reykjavik, "]
[Date "2015.03.11"]
[Round "2.52"]
[White "Risting, Eivind Olav"]
[Black "Jensson, Einar Hjalti"]
[Result "0-1"]
[WhiteElo "2100"]
[BlackElo "2390"]
[PlyCount "114"]
[EventDate "2015.03.10"]

1. c4 c6 2. Nf3 d5 3. g3 dxc4 4. Bg2 Nf6 5. O-O Nbd7 6. Na3 Nb6 7. Qc2 Qd5 8.
b3 cxb3 9. axb3 Be6 10. Bb2 Qxb3 11. Qxb3 Bxb3 12. Rfb1 Bd5 13. Bd4 Nfd7 14.
Nc2 c5 15. Bc3 f6 16. d3 e5 17. Ne3 Bc6 18. Nd2 Bxg2 19. Kxg2 Be7 20. Ba5 Kf7
21. Ne4 Ke6 22. Nc3 Rhc8 23. f4 exf4 24. gxf4 g6 25. Nb5 Bd8 26. Kf2 f5 27. Kf3
Rc6 28. Ra2 a6 29. Na3 Bf6 30. Nac4 Nxc4 31. dxc4 b6 32. Be1 Bd8 33. Bc3 Bf6
34. Be1 Bd8 35. Bc3 Nf6 36. Bxf6 Bxf6 37. Nd5 Bd8 38. Rba1 a5 39. Rb1 Kd7 40.
Rd1 Kc8 41. Nc3 Ra7 42. Rad2 Bf6 43. Nb5 Rg7 44. e3 Bh4 45. Rd5 Re6 46. R1d3 h6
47. Rd2 Rg8 48. Na7+ Kb8 49. Nb5 Rf8 50. Rd7 g5 51. Rh7 g4+ 52. Kg2 Rd8 53. Rd5
a4 54. Nc7 Rxd5 55. Na6+ Kc8 56. Rc7+ Kd8 57. cxd5 Rd6 0-1

[Event "Reykjavik Open 2015"]
[Site "Reykjavik, "]
[Date "2015.03.11"]
[Round "2.54"]
[White "Bucher, Grant W"]
[Black "Hauge, Lars Oskar"]
[Result "0-1"]
[WhiteElo "2087"]
[BlackElo "2380"]
[PlyCount "127"]
[EventDate "2015.03.10"]

1. e4 e6 2. d4 d5 3. Nc3 Bb4 4. e5 Ne7 5. Nf3 c5 6. dxc5 Nd7 7. a3 Bxc5 8. Na4
Qa5+ 9. c3 Bxf2+ 10. Kxf2 b5 11. b4 Qxa4 12. Qxa4 bxa4 13. Bd3 Bb7 14. Be3 Nc6
15. Bd4 Ke7 16. Rhe1 Rhc8 17. Rac1 Rc7 18. Ke3 Rac8 19. Kd2 a6 20. Bf2 h6 21.
Bc2 Nd8 22. Bxa4 Bc6 23. Bd1 Bb5 24. Nd4 Nc6 25. Nxc6+ Rxc6 26. a4 Bc4 27. Bd4
f6 28. Bg4 Rf8 29. Bf3 f5 30. h4 Rc7 31. a5 g6 32. Be3 Rh8 33. Bf4 Rcc8 34. Rh1
Nb8 35. Rcg1 Nc6 36. g4 Kf7 37. Rh2 g5 38. hxg5 hxg5 39. Rxh8 Rxh8 40. Bxg5
Nxe5 41. Bd1 Rh2+ 42. Ke3 Rh3+ 43. Kd2 Bd3 44. gxf5 Nc4+ 45. Ke1 Bxf5 46. Be2
Bd3 47. Bd1 e5 48. Bb3 e4 49. Bxc4 Bxc4 50. Kd2 Rd3+ 51. Kc2 Ke6 52. Re1 Rg3
53. Bd2 Rg2 54. Re3 Kd6 55. Rh3 Kc6 56. Re3 Kb5 57. Re1 Bd3+ 58. Kc1 Kc4 59.
Re3 Kb3 60. Re1 Bc4 61. Rh1 e3 62. Bxe3 Rc2+ 63. Kb1 Bd3 64. Re1 0-1

[Event "Reykjavik Open 2015"]
[Site "Reykjavik, "]
[Date "2015.03.11"]
[Round "2.56"]
[White "Van Den Bersselaar, Jeroen"]
[Black "Sarkar, Justin"]
[Result "1/2-1/2"]
[WhiteElo "2083"]
[BlackElo "2376"]
[PlyCount "60"]
[EventDate "2015.03.10"]

1. d4 Nf6 2. Nf3 g6 3. Nbd2 c5 4. dxc5 Qa5 5. a3 Qxc5 6. b4 Qc7 7. Bb2 Bg7 8.
e3 O-O 9. c4 a5 10. Be2 d6 11. O-O axb4 12. axb4 Rxa1 13. Qxa1 Nc6 14. Bc3 b6
15. Nd4 Bb7 16. Nb5 Qd7 17. Rd1 Ra8 18. Qb2 Ne8 19. Bxg7 Nxg7 20. Nc3 Ne8 21.
Nd5 Qd8 22. c5 bxc5 23. bxc5 Rb8 24. Qa3 e6 25. Nc3 dxc5 26. Nde4 Qe7 27. Qxc5
Qxc5 28. Nxc5 Ba8 29. Bb5 Nc7 30. Ba4 Rd8 1/2-1/2

[Event "Reykjavik Open 2015"]
[Site "Reykjavik, "]
[Date "2015.03.11"]
[Round "2.58"]
[White "Khademalsharieh, Sarasadat"]
[Black "Djurhuus, Eivind X"]
[Result "1/2-1/2"]
[WhiteElo "2357"]
[BlackElo "2077"]
[PlyCount "103"]
[EventDate "2015.03.10"]

1. d4 Nf6 2. Nf3 e6 3. c4 d5 4. Nc3 Bb4 5. cxd5 exd5 6. Bg5 h6 7. Bh4 c5 8.
dxc5 Nbd7 9. e3 Qa5 10. Nd2 Bxc3 11. bxc3 Qxc3 12. Rc1 Qa5 13. Qb3 O-O 14. Qc3
Qxc3 15. Rxc3 Ne4 16. Nxe4 dxe4 17. Bb5 f5 18. Be7 Re8 19. Bd6 a6 20. Ba4 Rd8
21. Bc7 Rf8 22. c6 bxc6 23. Bxc6 Ra7 24. Bd6 Rd8 25. Be7 Re8 26. Bc5 Nxc5 27.
Bxe8 Nd3+ 28. Ke2 Be6 29. Rb1 Bxa2 30. Bg6 Ra8 31. Rb7 Bd5 32. Rd7 Rb8 33. Rxd5
Rb2+ 34. Kd1 Rb1+ 35. Kd2 Rb2+ 36. Rc2 Rxc2+ 37. Kxc2 Nb4+ 38. Kb3 Nxd5 39.
Bxf5 Nf6 40. Bc8 Kf7 41. Bxa6 Ng4 42. Kc3 Nxf2 43. Kd4 Kf6 44. Bb7 Kf5 45. Bc6
h5 46. Bb7 h4 47. Bc6 g5 48. Bb7 h3 49. gxh3 Nd1 50. Bxe4+ Kf6 51. Bf3 Nxe3 52.
Kxe3 1/2-1/2

[Event "Reykjavik Open 2015"]
[Site "Reykjavik, "]
[Date "2015.03.11"]
[Round "2.59"]
[White "Stray, Gunnar"]
[Black "Welling, Gerard"]
[Result "0-1"]
[WhiteElo "2065"]
[BlackElo "2355"]
[PlyCount "96"]
[EventDate "2015.03.10"]

1. d4 Nf6 2. Nf3 e6 3. e3 g6 4. Nbd2 Bg7 5. Be2 O-O 6. O-O d6 7. c3 b6 8. a4 a6
9. Re1 Bb7 10. Qc2 c5 11. b4 Nbd7 12. Ba3 Qc7 13. Rac1 e5 14. Red1 e4 15. Ng5
Rfe8 16. Qa2 Bd5 17. c4 Bb7 18. bxc5 bxc5 19. d5 h6 20. Nh3 Bc8 21. Nf4 Ne5 22.
h3 Bd7 23. Bb2 Qa5 24. Ra1 Rab8 25. Nb1 Rxb2 26. Qxb2 g5 27. Qd2 Qxd2 28. Nxd2
gxf4 29. Rdb1 fxe3 30. fxe3 Nd3 31. Ra3 Nb4 32. Nf1 Bf5 33. g4 Bg6 34. Ng3 Nd7
35. Kf2 Ne5 36. Nf5 Bxf5 37. gxf5 Ned3+ 38. Bxd3 exd3 39. Kf3 Bf6 40. Rg1+ Kh7
41. Rb3 Rxe3+ 42. Kxe3 Bd4+ 43. Kd2 Bxg1 44. Rb1 Bd4 45. Re1 Kg7 46. Rf1 Bf6
47. Rf3 Bg5+ 48. Ke1 Kf6 0-1

[Event "Reykjavik Open 2015"]
[Site "Reykjavik, "]
[Date "2015.03.11"]
[Round "2.62"]
[White "Hammer, Jon Ludvig"]
[Black "Lurdalen, Svein Erik"]
[Result "1-0"]
[WhiteElo "2651"]
[BlackElo "1824"]
[PlyCount "61"]
[EventDate "2015.03.10"]

1. d4 Nf6 2. c4 e5 3. dxe5 Ng4 4. Bf4 Nc6 5. Nf3 Bb4+ 6. Nbd2 Qe7 7. a3 Ngxe5
8. Nxe5 Bxd2+ 9. Qxd2 Nxe5 10. Qc3 f6 11. c5 d5 12. cxd6 Qxd6 13. Rd1 Qe7 14.
Bxe5 Qxe5 15. Qxe5+ fxe5 16. Rd5 Ke7 17. Rxe5+ Kf6 18. f4 Be6 19. e4 Rhd8 20.
Be2 Rd4 21. g4 Rad8 22. Rf1 Rd2 23. g5+ Kf7 24. Rf2 R2d4 25. f5 Bb3 26. f6 g6
27. Re7+ Kf8 28. Rxh7 Rxe4 29. Rh8+ Bg8 30. f7 Kg7 31. fxg8=Q+ 1-0

[Event "Reykjavik Open 2015"]
[Site "Reykjavik, "]
[Date "2015.03.11"]
[Round "2.64"]
[White "Vuilleumier, Alexandre"]
[Black "Jonsson, Olafur Gisli"]
[Result "1-0"]
[WhiteElo "2349"]
[BlackElo "1899"]
[PlyCount "99"]
[EventDate "2015.03.10"]

1. e4 e5 2. Nf3 Nc6 3. Nc3 Nf6 4. Bb5 Bb4 5. O-O O-O 6. d3 d6 7. Bg5 Bxc3 8.
bxc3 Qe7 9. Re1 Nd8 10. d4 Ne6 11. Bd2 c5 12. d5 Nc7 13. Bd3 b5 14. c4 bxc4 15.
Bxc4 Ba6 16. Qe2 Bxc4 17. Qxc4 Rfb8 18. Reb1 Qe8 19. a4 Rxb1+ 20. Rxb1 Rb8 21.
Rb3 Rxb3 22. cxb3 Qb8 23. Ne1 Qb6 24. f3 Nd7 25. Nc2 Qa6 26. Qxa6 Nxa6 27. Ba5
Kf8 28. Na3 Ke7 29. Nb5 c4 30. bxc4 Ndc5 31. Nxa7 Nxa4 32. Nc8+ Kd7 33. Nb6+
Nxb6 34. Bxb6 g6 35. Kf2 f5 36. exf5 gxf5 37. g4 Ke7 38. Ke3 fxg4 39. fxg4 Nb8
40. Ke4 Nd7 41. Be3 Kf6 42. h4 Kg6 43. h5+ Kf6 44. g5+ Kg7 45. Kf5 Kf7 46. Bf2
Nf8 47. Bb6 Nd7 48. Bc7 Ke7 49. g6 hxg6+ 50. hxg6 1-0

[Event "Reykjavik Open 2015"]
[Site "Reykjavik, "]
[Date "2015.03.11"]
[Round "2.65"]
[White "Cummings, David H"]
[Black "Sibiya, Ruddy T"]
[Result "1-0"]
[WhiteElo "2345"]
[BlackElo "1784"]
[PlyCount "49"]
[EventDate "2015.03.10"]

1. d4 Nf6 2. c4 e6 3. Nc3 Bb4 4. e3 O-O 5. Nge2 b6 6. a3 Be7 7. Ng3 Bb7 8. e4
d5 9. e5 Ne8 10. cxd5 exd5 11. Bd3 g6 12. Bh6 Ng7 13. h4 Ba6 14. h5 Bxd3 15.
Qxd3 Re8 16. O-O-O Bg5+ 17. Bxg5 Qxg5+ 18. Kb1 c6 19. Rdf1 Ne6 20. Nce2 Nf4 21.
Qd2 Ne6 22. f4 Qg4 23. hxg6 hxg6 24. f5 Nxd4 25. Qh6 1-0

[Event "Reykjavik Open 2015"]
[Site "Reykjavik, "]
[Date "2015.03.11"]
[Round "2.67"]
[White "Brzezinski, Adam"]
[Black "Gasanova, Ulker"]
[Result "1-0"]
[WhiteElo "2150"]
[BlackElo "1645"]
[PlyCount "51"]
[EventDate "2015.03.10"]

1. d4 d5 2. c4 Nf6 3. cxd5 Nxd5 4. e4 Nb6 5. a4 a5 6. Bb5+ Bd7 7. Nc3 e6 8. Nf3
Nc6 9. O-O Be7 10. Bf4 O-O 11. Rc1 Bb4 12. d5 exd5 13. Nxd5 Nxd5 14. exd5 Ne7
15. Bxc7 Qe8 16. d6 Ng6 17. Qd5 Bxb5 18. Qxb5 Qxb5 19. axb5 Nf4 20. Rcd1 Ne6
21. b6 Bxd6 22. Rxd6 Rac8 23. Rc1 Rfe8 24. g3 Re7 25. Nd4 Nxc7 26. Rxc7 1-0

[Event "Reykjavik Open 2015"]
[Site "Reykjavik, "]
[Date "2015.03.11"]
[Round "2.69"]
[White "Lux, Gregory"]
[Black "Kristjansson, Halldor Atli"]
[Result "1-0"]
[WhiteElo "2065"]
[BlackElo "1335"]
[PlyCount "41"]
[EventDate "2015.03.10"]

1. Nf3 d5 2. b3 Nf6 3. Bb2 e6 4. e3 c5 5. d4 Nc6 6. Bd3 Bd7 7. O-O cxd4 8. exd4
g6 9. Ne5 Bg7 10. Nxc6 Bxc6 11. Ba3 Qd7 12. Nd2 O-O-O 13. Nf3 Bf8 14. Ne5 Qc7
15. Bb2 Bd6 16. Qf3 Bxe5 17. dxe5 d4 18. Qxf6 Qd7 19. Rfd1 Qd5 20. f3 Qd7 21.
a4 1-0

[Event "Reykjavik Open 2015"]
[Site "Reykjavik, "]
[Date "2015.03.11"]
[Round "2.70"]
[White "Moller, Agnar T"]
[Black "Bergsson, Stefan"]
[Result "0-1"]
[WhiteElo "1806"]
[BlackElo "2063"]
[PlyCount "74"]
[EventDate "2015.03.10"]

1. Nf3 d5 2. c4 c6 3. b3 Nf6 4. Bb2 Bg4 5. e3 Nbd7 6. Be2 Bxf3 7. Bxf3 e5 8.
cxd5 cxd5 9. O-O Bd6 10. Ba3 Qe7 11. Bxd6 Qxd6 12. Qc1 O-O 13. Qa3 Qe6 14. Nc3
a6 15. d4 Rfe8 16. Rfd1 e4 17. Be2 Nf8 18. Na4 Ng6 19. Nc5 Qf5 20. Nxb7 Nh4 21.
Qd6 g5 22. Qg3 Re6 23. Nc5 Rb6 24. Qe5 Qg6 25. Qc7 Ne8 26. Qe5 Rd8 27. Qe7 Rbd6
28. Rac1 Nf5 29. Qa7 g4 30. Nb7 g3 31. hxg3 Nxg3 32. Bf1 Qh6 33. f4 exf3 34.
Nxd6 Qxe3+ 35. Kh2 Rxd6 36. Kxg3 Rg6+ 37. Kh2 Qf4+ 0-1

[Event "Reykjavik Open 2015"]
[Site "Reykjavik, "]
[Date "2015.03.11"]
[Round "2.71"]
[White "Eijk, Yuri"]
[Black "Hansen, Tommy"]
[Result "0-1"]
[WhiteElo "2062"]
[BlackElo "1807"]
[PlyCount "40"]
[EventDate "2015.03.10"]

1. d4 d5 2. c4 Nc6 3. Nf3 Bg4 4. Nc3 Nf6 5. cxd5 Bxf3 6. gxf3 Nxd5 7. e4 Nf6 8.
Be3 e6 9. Bb5 Bb4 10. Qb3 Bxc3+ 11. Qxc3 O-O 12. Bxc6 bxc6 13. Qxc6 Qb8 14.
O-O-O Rd8 15. Rhg1 Rd6 16. Qc5 Qb7 17. Qg5 Ne8 18. Rd2 Rb8 19. Kb1 Rb6 20. b3
Rxb3+ 0-1

[Event "Reykjavik Open 2015"]
[Site "Reykjavik, "]
[Date "2015.03.11"]
[Round "2.72"]
[White "Hojgaard, Brandur"]
[Black "Runarsson, Gunnar"]
[Result "0-1"]
[WhiteElo "1787"]
[BlackElo "2049"]
[PlyCount "75"]
[EventDate "2015.03.10"]

1. d4 Nf6 2. Nf3 g6 3. Bf4 Bg7 4. e3 d6 5. Be2 O-O 6. O-O Nbd7 7. h3 c5 8. c3
b6 9. Nbd2 Bb7 10. Qb3 Qc7 11. Rfd1 Rad8 12. Rac1 a6 13. a4 h6 14. Bh2 g5 15.
Ne1 e5 16. dxe5 Nxe5 17. Nc4 Nxc4 18. Qxc4 Qc6 19. Bf3 d5 20. Qa2 Qe6 21. b4 g4
22. hxg4 Nxg4 23. Bf4 c4 24. Qd2 Ne5 25. Be2 Ng6 26. Bg3 Bc6 27. Ra1 Qf6 28.
Ra3 a5 29. b5 Bb7 30. Nc2 Qg5 31. Bf3 h5 32. Bc7 Nh4 33. Qe2 Rd7 34. Bxb6 d4
35. Nxd4 Rxd4 36. Bxb7 Rxd1+ 37. Qxd1 Qe7 38. Bf3 0-1

[Event "Reykjavik Open 2015"]
[Site "Reykjavik, "]
[Date "2015.03.11"]
[Round "2.73"]
[White "Prieto, Alberto"]
[Black "Roser, Ludwig"]
[Result "1-0"]
[WhiteElo "2045"]
[BlackElo "1802"]
[PlyCount "87"]
[EventDate "2015.03.10"]

1. f4 d5 2. Nf3 g6 3. g3 Bg7 4. Bg2 Nf6 5. d3 b6 6. O-O O-O 7. Nc3 Bb7 8. Qe1
d4 9. Nb5 c5 10. c4 a6 11. Na3 Nbd7 12. b4 Rb8 13. Rb1 Qc7 14. Bd2 Qd6 15. Nc2
e6 16. h3 Nh5 17. Qf2 Ba8 18. Rb3 Bc6 19. Ra3 Ra8 20. Ng5 Bxg2 21. Qxg2 Nhf6
22. g4 h6 23. Ne4 Nxe4 24. dxe4 cxb4 25. e5 Qc7 26. Bxb4 Rfc8 27. Rd3 Qxc4 28.
Rxd4 Qxc2 29. Rxd7 Qc6 30. Rd8+ Qe8 31. Rxe8+ Rxe8 32. Rc1 f6 33. Bd6 fxe5 34.
fxe5 Rac8 35. Rxc8 Rxc8 36. Qb7 Rc1+ 37. Kf2 Rc2 38. Qd7 Kh8 39. Qxe6 a5 40. a4
Rc3 41. Be7 Rxh3 42. Bf6 Rh2+ 43. Kg3 Rxe2 44. Qe8+ 1-0

[Event "Reykjavik Open 2015"]
[Site "Reykjavik, "]
[Date "2015.03.11"]
[Round "2.74"]
[White "Martinez Lopez, Jaime"]
[Black "Opasiak, Dustin Tennessee"]
[Result "1-0"]
[WhiteElo "2044"]
[BlackElo "1781"]
[PlyCount "67"]
[EventDate "2015.03.10"]

1. d4 d5 2. Bg5 f6 3. Bh4 c5 4. e3 Nc6 5. c3 Qb6 6. Qb3 c4 7. Qxb6 axb6 8. Nd2
b5 9. Be2 Nh6 10. Bf3 e6 11. Ne2 g5 12. Bh5+ Kd8 13. Bg3 Nf5 14. O-O Ng7 15.
Bf3 h5 16. h3 f5 17. Nc1 g4 18. Bd1 h4 19. Bh2 gxh3 20. gxh3 Ne8 21. Ne2 Bd6
22. Nf3 Bxh2+ 23. Kxh2 Nf6 24. Nf4 b4 25. cxb4 Nxb4 26. Ne5 Rh7 27. a3 Ne4 28.
Bf3 Nd2 29. Rg1 Nc2 30. Rac1 Nxa3 31. Rg8+ Ke7 32. bxa3 Nb3 33. Rb1 b6 34. Bd1
1-0

[Event "Reykjavik Open 2015"]
[Site "Reykjavik, "]
[Date "2015.03.11"]
[Round "2.75"]
[White "Kruglyak, Mikhail"]
[Black "Skovgaard, Tom"]
[Result "0-1"]
[WhiteElo "1775"]
[BlackElo "2042"]
[PlyCount "40"]
[EventDate "2015.03.10"]

1. d4 Nf6 2. Nf3 e6 3. c4 Bb4+ 4. Nc3 c5 5. e3 d5 6. Bd2 Nc6 7. cxd5 exd5 8.
Bb5 O-O 9. a3 Bxc3 10. Bxc3 Ne4 11. Qc2 cxd4 12. Nxd4 Nxd4 13. exd4 Qg5 14. Bb4
Qxg2 15. O-O-O Bf5 16. Rhg1 Qxh2 17. Bxf8 Qf4+ 18. Rd2 Rxf8 19. Kd1 Nxf2+ 20.
Rxf2 Bxc2+ 0-1

[Event "Reykjavik Open 2015"]
[Site "Reykjavik, "]
[Date "2015.03.11"]
[Round "2.80"]
[White "Thiry, Jean-Christophe"]
[Black "Burgisser, Claude"]
[Result "0-1"]
[WhiteElo "2031"]
[BlackElo "1724"]
[PlyCount "72"]
[EventDate "2015.03.10"]

1. d4 Nf6 2. Bf4 d5 3. e3 Bg4 4. f3 Bh5 5. c4 e6 6. Nc3 Bd6 7. Nh3 a6 8. Qb3 b6
9. cxd5 exd5 10. Bxd6 Qxd6 11. Nf4 c6 12. Qxb6 Nbd7 13. Qb3 O-O 14. Nxh5 Nxh5
15. Bd3 Rfe8 16. Kf2 Qe7 17. Rae1 Qh4+ 18. g3 Qg5 19. Qc2 g6 20. Na4 Re6 21.
Re2 Rae8 22. Rhe1 f5 23. Nc5 Nxc5 24. Qxc5 Rf6 25. b4 Ref8 26. f4 Qh6 27. Kg1
g5 28. Rf1 Rg6 29. Rg2 Re6 30. Qc2 Ng7 31. g4 Rxe3 32. fxg5 Qh3 33. Bxf5 Rfe8
34. Qxc6 Re1 35. Qxd5+ Kh8 36. Qf3 Qxf3 0-1

[Event "Reykjavik Open 2015"]
[Site "Reykjavik, "]
[Date "2015.03.11"]
[Round "2.83"]
[White "Gaarder, Hans K"]
[Black "Thorhallsson, Simon"]
[Result "0-1"]
[WhiteElo "1701"]
[BlackElo "2009"]
[PlyCount "46"]
[EventDate "2015.03.10"]

1. d4 d5 2. c4 e5 3. Nc3 dxc4 4. Nf3 exd4 5. Qxd4 Qxd4 6. Nxd4 Nf6 7. Bf4 Bb4
8. O-O-O O-O 9. Ndb5 Na6 10. Nxc7 Nxc7 11. Bxc7 Bxc3 12. bxc3 Ne4 13. Bg3 Nxc3
14. Rd2 b5 15. f3 Be6 16. e4 Rfd8 17. Bd6 Nxa2+ 18. Kc2 b4 19. Bxb4 Nxb4+ 20.
Kc3 Rxd2 21. Kxd2 Rc8 22. Be2 c3+ 23. Kc1 c2 0-1

[Event "Reykjavik Open 2015"]
[Site "Reykjavik, "]
[Date "2015.03.11"]
[Round "2.85"]
[White "Bogut, Maksymilian"]
[Black "Edvardsen, Ragnar"]
[Result "0-1"]
[WhiteElo "1697"]
[BlackElo "2001"]
[PlyCount "56"]
[EventDate "2015.03.10"]

1. e4 c5 2. Nf3 Nc6 3. d4 cxd4 4. Nxd4 Nf6 5. Nc3 e5 6. Nf5 d5 7. exd5 Bxf5 8.
dxc6 bxc6 9. Qf3 Qd7 10. Bg5 e4 11. Qe3 Ng4 12. Qf4 h6 13. Rd1 hxg5 14. Qxg5
Qe6 15. Bc4 Qg6 16. Qf4 Bb4 17. a3 Bxc3+ 18. bxc3 O-O 19. h3 Nf6 20. g4 Be6 21.
Be2 Nd5 22. Qg3 Qf6 23. c4 Qc3+ 24. Rd2 e3 25. fxe3 Nxe3 26. Qf3 Nxc2+ 27. Kd1
Ne3+ 28. Ke1 Rad8 0-1

[Event "Reykjavik Open 2015"]
[Site "Reykjavik, "]
[Date "2015.03.11"]
[Round "2.86"]
[White "Hansen, Lars-Henrik Bech"]
[Black "Miszkielo, Bartosz"]
[Result "1-0"]
[WhiteElo "1994"]
[BlackElo "1694"]
[PlyCount "57"]
[EventDate "2015.03.10"]

1. e4 c5 2. Nc3 Nc6 3. Nf3 d6 4. d4 cxd4 5. Nxd4 g6 6. Be3 Bg7 7. Qd2 Nf6 8. f3
Bd7 9. O-O-O Rc8 10. g4 a6 11. g5 Nh5 12. Nd5 e6 13. Nxc6 Rxc6 14. Nb4 Qa5 15.
Kb1 Rc8 16. Qxd6 Ba4 17. Bb6 Qxg5 18. b3 Be5 19. Qd3 Qe7 20. bxa4 Qxb4+ 21. Qb3
Qxb3+ 22. axb3 Ke7 23. Bc4 Rc6 24. Ba5 Rb8 25. Bb4+ Bd6 26. Rxd6 Rxd6 27. Rd1
Rbd8 28. Rxd6 Rxd6 29. e5 1-0